Regionalism and sustainable development: two concepts - one aim
Koncept trvalo udržateľného rozvoja v kontexte národného, globálneho a regionálneho riadenia. Regionalizmus ako nástroj znižovania chudoby a ekologickej krízy vo svete. Regionalizmus a nový regionalizmus - základný koncept. Regionalizmus a jeho väzba na trvalo udržateľný rozvoj. Regionálne obchodné...
Salvato in:
| Autore principale: | |
|---|---|
| Natura: | Capitolo di libro |
| Lingua: | inglese |
| Soggetti: | |
| Tags: |
Nessun Tag, puoi essere il primo ad aggiungerne!!
|
MARC
| LEADER | 00000naa a2200000 4500 | ||
|---|---|---|---|
| 001 | 0143278 | ||
| 005 | 20231120133027.5 | ||
| 041 | 0 | |a eng | |
| 044 | |a SK | ||
| 245 | 1 | 0 | |a Regionalism and sustainable development: two concepts - one aim |c Eva Cihelková |
| 520 | |a Koncept trvalo udržateľného rozvoja v kontexte národného, globálneho a regionálneho riadenia. Regionalizmus ako nástroj znižovania chudoby a ekologickej krízy vo svete. Regionalizmus a nový regionalizmus - základný koncept. Regionalizmus a jeho väzba na trvalo udržateľný rozvoj. Regionálne obchodné dohody. NAFTA, GATT, GATS. | ||
| 610 | 2 | 0 | |a rozvoj trvalo udržateľný |
| 610 | 2 | 0 | |a integrácia regionálna |
| 610 | 2 | 0 | |a regionalizácia |
| 610 | 2 | 0 | |a dohody obchodné medzinárodné |
| 610 | 2 | 0 | |a prostredie životné |
| 100 | 1 | |a Cihelková, Eva | |